[Event "CHN-ch U12"]
[Site "Shenzhen"]
[Date "2023.07.28"]
[Round "1"]
[White "Cong, Dingzhou"]
[Black "Liu, Jiarui"]
[Result "1-0"]
[WhiteElo "1655"]
[BlackElo "1233"]
[PlyCount "85"]
[EventDate "2023.07.28"]
[EventType "swiss"]
[EventRounds "11"]
[EventCountry "CHN"]
[SourceTitle "CBM 215 Extra"]
[Source "ChessBase"]
[SourceDate "2023.09.30"]
[SourceVersion "1"]
[SourceVersionDate "2023.09.30"]
[SourceQuality "1"]

1. e4 e5 2. Nf3 Nc6 3. Bb5 a6 4. Ba4 Nf6 5. 0-0 b5 6. Bb3 d6 7. Re1 Be7 8. a4 Bg4 9. c3 0-0 10. d3 Na5 11. Bc2 Qd7 12. Nbd2 h6 13. Nf1 Nh7 14. h3 Bh5 15. Ng3 Bg5 16. Nxh5 Bxc1 17. Rxc1 Qe6 18. d4 Rfd8 19. d5 Qg6 20. Nh4 Qg5 21. Nf5 g6 22. h4 Qxh5 23. g4 gxf5 24. gxh5 f4 25. Kh1 Nf6 26. axb5 axb5 27. Ra1 Kh7 28. Qf3 Rg8 29. b4 Nc4 30. Rxa8 Rxa8 31. Qh3 Kg7 32. Qf5 Ng8 33. Rg1+ Kf8 34. Qh7 Ke7 35. Rg7 Nf6 36. Rxf7+ Kd8 37. Rxf6 Ra1+ 38. Kh2 Kc8 39. Rf7 Ra7 40. Qg8+ Kb7 41. Qd8 Kb6 42. Qd7 Nd2 43. Qc6# 1-0

[Event "CHN-ch U12"]
[Site "Shenzhen"]
[Date "2023.07.28"]
[Round "2"]
[White "Liu, Jiarui"]
[Black "Wu, Yinan"]
[Result "0-1"]
[WhiteElo "1233"]
[BlackElo "1250"]
[PlyCount "104"]
[EventDate "2023.07.28"]
[EventType "swiss"]
[EventRounds "11"]
[EventCountry "CHN"]
[SourceTitle "CBM 215 Extra"]
[Source "ChessBase"]
[SourceDate "2023.09.30"]
[SourceVersion "1"]
[SourceVersionDate "2023.09.30"]
[SourceQuality "1"]

1. e4 c6 2. d4 d5 3. e5 Bf5 4. Nf3 e6 5. Be3 Nd7 6. Nc3 Ne7 7. Bd3 Bxd3 8. Qxd3 c5 9. dxc5 Nc6 10. Qb5 Qc7 11. Bf4 Bxc5 12. Ne4 dxe4 13. Ng5 Qa5+ 14. Qxa5 Nxa5 15. Nxe4 Nc6 16. Nd6+ Bxd6 17. exd6 e5 18. Be3 0-0 19. 0-0-0 Rfd8 20. h4 Nb6 21. g4 Nc4 22. Bc5 b6 23. Be3 Nxe3 24. fxe3 Rd7 25. Rd2 Rad8 26. Rhd1 f6 27. c3 Kf7 28. Kc2 Ke6 29. Rg1 Rxd6 30. Re2 Ne7 31. Kb3 Rd2 32. Ree1 Rf2 33. Rb1 Re2 34. Rg3 Rd3 35. Kb4 Rexe3 36. Rxe3 Rxe3 37. Kb5 Rd3 38. a4 e4 39. a5 Rd5+ 40. Ka6 Rxa5+ 41. Kb7 Ke5 42. b4 Ra3 43. b5 Rxc3 44. Kxa7 Nd5 45. Rf1 e3 46. Rf5+ Kd6 47. Rxd5+ Kxd5 48. Kxb6 e2 49. Ka7 e1Q 50. b6 Qe7+ 51. b7 Ra3+ 52. Kb6 Qc5# 0-1